<?xml version="1.0" encoding="UTF-8"?>
<record
    xmlns:xsi="http://www.w3.org/2001/XMLSchema-instance"
    xsi:schemaLocation="http://www.loc.gov/MARC21/slim http://www.loc.gov/standards/marcxml/schema/MARC21slim.xsd"
    xmlns="http://www.loc.gov/MARC21/slim">

  <leader>02062nam a2200289 a 4500</leader>
  <controlfield tag="001">000048485</controlfield>
  <controlfield tag="003">DO-SdBNP</controlfield>
  <controlfield tag="005">20230111130907.0</controlfield>
  <controlfield tag="007">ta</controlfield>
  <controlfield tag="008">190325s2014    dr a          000 0 spa d</controlfield>
  <datafield tag="020" ind1=" " ind2=" ">
    <subfield code="a">9789945891713</subfield>
  </datafield>
  <datafield tag="040" ind1=" " ind2=" ">
    <subfield code="a">DO-SdBNP</subfield>
    <subfield code="b">spa</subfield>
    <subfield code="c">BNPHU</subfield>
  </datafield>
  <datafield tag="082" ind1=" " ind2="4">
    <subfield code="b">C749i</subfield>
    <subfield code="2">22</subfield>
  </datafield>
  <datafield tag="111" ind1="2" ind2=" ">
    <subfield code="a">Congreso Internacional de Investigaci&#xF3;n Cient&#xED;fica</subfield>
    <subfield code="n">(10 mo. :</subfield>
    <subfield code="d">12 -13 de junio 2014</subfield>
    <subfield code="c">Santo Domingo)</subfield>
    <subfield code="9">75905</subfield>
  </datafield>
  <datafield tag="245" ind1="1" ind2="0">
    <subfield code="a">X Congreso Internacional de Investigaci&#xF3;n Cient&#xED;fica :</subfield>
    <subfield code="b">programa y libro de res&#xFA;menes : 12 -13 de junio 2014, Biblioteca Pedro Mir, Universidad Aut&#xF3;noma de Santo Domingo(UASD), Santo Domingo, Rep&#xFA;blica Dominicana /</subfield>
    <subfield code="c">edici&#xF3;n Carlos Ml. Rodr&#xED;guez Pe&#xF1;a, Placido F. G&#xF3;mez Ram&#xED;rez, Sixto J. Inchaustegui ; compilador Laura Marcos ; ilustraci&#xF3;n W. Marcelo Maurer.</subfield>
  </datafield>
  <datafield tag="246" ind1="1" ind2="0">
    <subfield code="a">D&#xE9;cimo Congreso Internacional de Investigaci&#xF3;n Cient&#xED;fica</subfield>
  </datafield>
  <datafield tag="260" ind1=" " ind2=" ">
    <subfield code="a">Santo Domingo :</subfield>
    <subfield code="b">Ministerio de Educaci&#xF3;n Superior Ciencia y Tecnolog&#xED;a (MESCYT),</subfield>
    <subfield code="c">2014.</subfield>
  </datafield>
  <datafield tag="300" ind1=" " ind2=" ">
    <subfield code="a">197 p. :</subfield>
    <subfield code="b">il. ;</subfield>
    <subfield code="c">27 cm.</subfield>
  </datafield>
  <datafield tag="505" ind1="0" ind2=" ">
    <subfield code="a">Mensaje -- director del programa cient&#xED;fico, presidente comit&#xE9; organizador -- 5</subfield>
    <subfield code="t">Mensaje -- director de investigaci&#xF3;n cient&#xED;fica -- 7</subfield>
    <subfield code="t">Objetivos: general y espec&#xED;ficos -- 11</subfield>
    <subfield code="t">Comit&#xE9; organizador -- 12</subfield>
    <subfield code="t">Programa</subfield>
    <subfield code="t">Ubicaci&#xF3;n de las salas -- 15</subfield>
    <subfield code="t">Programa inauguraci&#xF3;n mi&#xE9;rcoles 11 -- 17</subfield>
    <subfield code="t">Programa jueves 12 - matutino -- 18</subfield>
    <subfield code="t">Programa jueves 12 - vespertino -- 24</subfield>
    <subfield code="t">Programa viernes 13 - matutino -- 36</subfield>
    <subfield code="t">Programa viernes 13 - vespertino 42</subfield>
    <subfield code="t">Exhibici&#xF3;n de carteles 12-13 -- 54</subfield>
    <subfield code="t">Actividades realizadas durante la semana de la investigaci&#xF3;n cient&#xED;fica -- 57</subfield>
    <subfield code="t">Res&#xFA;menes</subfield>
    <subfield code="t">&#xBF;C&#xF3;mo usar este libro de res&#xFA;menes? -- 59</subfield>
    <subfield code="t">1-99 -- 60</subfield>
    <subfield code="t">100-199 -- 101</subfield>
    <subfield code="t">200-265 -- 141</subfield>
    <subfield code="t">Addendum -- 170</subfield>
    <subfield code="t">Directorio -- 173</subfield>
  </datafield>
  <datafield tag="590" ind1=" " ind2=" ">
    <subfield code="a">Inventariado, 2019 /LP</subfield>
  </datafield>
  <datafield tag="700" ind1="1" ind2=" ">
    <subfield code="a">Rodr&#xED;guez Pe&#xF1;a, Carlos Ml.,</subfield>
    <subfield code="e">ed.</subfield>
    <subfield code="9">72566</subfield>
  </datafield>
  <datafield tag="700" ind1="1" ind2=" ">
    <subfield code="a">G&#xF3;mez Ram&#xED;rez, Placido F.,</subfield>
    <subfield code="e">ed.</subfield>
    <subfield code="9">75906</subfield>
  </datafield>
  <datafield tag="700" ind1="1" ind2=" ">
    <subfield code="a">Inchaustegui, Sixto J.,</subfield>
    <subfield code="e">ed.</subfield>
    <subfield code="9">7053</subfield>
  </datafield>
  <datafield tag="700" ind1="1" ind2=" ">
    <subfield code="a">Marcos, Laura,</subfield>
    <subfield code="e">comp.</subfield>
    <subfield code="9">75907</subfield>
  </datafield>
  <datafield tag="700" ind1="1" ind2=" ">
    <subfield code="a">Maurer, Willy Marcelo,</subfield>
    <subfield code="e">il.</subfield>
    <subfield code="9">75908</subfield>
  </datafield>
  <datafield tag="942" ind1=" " ind2=" ">
    <subfield code="2">ddc</subfield>
    <subfield code="c">LBS1</subfield>
  </datafield>
  <datafield tag="952" ind1=" " ind2=" ">
    <subfield code="0">0</subfield>
    <subfield code="1">0</subfield>
    <subfield code="2">ddc</subfield>
    <subfield code="5">1</subfield>
    <subfield code="7">0</subfield>
    <subfield code="8">PD</subfield>
    <subfield code="a">BNPHU</subfield>
    <subfield code="b">BNPHU</subfield>
    <subfield code="c">HD</subfield>
    <subfield code="d">2019-03-25</subfield>
    <subfield code="o">BNPHU PD C749i</subfield>
    <subfield code="p">48485-10</subfield>
    <subfield code="r">2020-06-25</subfield>
    <subfield code="w">2020-06-25</subfield>
    <subfield code="y">LBS1</subfield>
  </datafield>
  <datafield tag="952" ind1=" " ind2=" ">
    <subfield code="0">0</subfield>
    <subfield code="1">0</subfield>
    <subfield code="2">ddc</subfield>
    <subfield code="5">1</subfield>
    <subfield code="7">0</subfield>
    <subfield code="8">PD</subfield>
    <subfield code="a">BNPHU</subfield>
    <subfield code="b">BNPHU</subfield>
    <subfield code="c">CT</subfield>
    <subfield code="d">2019-03-28</subfield>
    <subfield code="o">BNPHU PD C749i</subfield>
    <subfield code="p">48485-20</subfield>
    <subfield code="r">2020-06-25</subfield>
    <subfield code="t">e. 2</subfield>
    <subfield code="w">2020-06-25</subfield>
    <subfield code="y">LBS1</subfield>
  </datafield>
  <datafield tag="952" ind1=" " ind2=" ">
    <subfield code="0">0</subfield>
    <subfield code="1">0</subfield>
    <subfield code="2">ddc</subfield>
    <subfield code="5">6</subfield>
    <subfield code="7">0</subfield>
    <subfield code="8">DS</subfield>
    <subfield code="a">BNPHU</subfield>
    <subfield code="b">BNPHU</subfield>
    <subfield code="c">CT</subfield>
    <subfield code="d">2023-01-11</subfield>
    <subfield code="e">Donaci&#xF3;n</subfield>
    <subfield code="l">0</subfield>
    <subfield code="o">BNPHU DS C749i</subfield>
    <subfield code="p">2023-0062</subfield>
    <subfield code="r">2023-01-11</subfield>
    <subfield code="t">e.3</subfield>
    <subfield code="w">2023-01-11</subfield>
    <subfield code="y">LBS1</subfield>
  </datafield>
  <datafield tag="999" ind1=" " ind2=" ">
    <subfield code="c">47973</subfield>
    <subfield code="d">47973</subfield>
  </datafield>
</record>
